3-D graphic organizers: 20 innovative, easy-to-make learning tools that reinforce key concepts and motivate all students!

Sábháilte in:
Sonraí bibleagrafaíochta
Príomhchruthaitheoir: Barnekow, Daniel J (Údar)
Formáid: LEABHAR
Teanga:Béarla
Foilsithe / Cruthaithe: Nueva York Scholastic 2009
Eagrán:1a. ed
Sraith:Teaching Resources
Ábhair:
Clibeanna: Cuir clib leis
Níl clibeanna ann, Bí ar an gcéad duine le clib a chur leis an taifead seo!

MARC

LEADER 00000cam a2200000 a 4500
001 UCE1313
003 CL-VaPUC
008 140407e20090000us |||||||||||||||||eng|d
020 |a 9780545005203 
082 0 4 |a 745.593  |b BAR  |2 21 
100 0 |a Barnekow, Daniel J  |e author  |9 573654 
245 1 0 |a 3-D graphic organizers: 20 innovative, easy-to-make learning tools that reinforce key concepts and motivate all students! 
250 |a 1a. ed 
300 |a 62 p 
942 |c BK 
945 |d 20140407 11:30:00  |a dcastane 
260 |a Nueva York  |b Scholastic  |c 2009 
500 |a Incluye Cd con modelos y patrones 
650 0 |a Modelos 3D  |9 573655 
650 0 |a Diseño de objetos  |9 484552 
650 7 |a DISEÑO DECORATIVO  |2 CL-VaPUC  |9 372958 
583 |a last modification  |c 20140408 06:45:51  |k Rodrigo Vera 
490 0 |a Teaching Resources 
999 |c 355144  |d 355142 
952 |0 0  |1 0  |3 erb  |4 0  |6 745_593000000000000_BAR_2009  |7 0  |8 F  |9 461532  |a BIBARQ  |b BIBARQ  |i 5066263  |o 745.593 BAR 2009  |p 5066263  |r 2025-01-20  |w 2019-11-23  |y BK_F  |z Catalogado en:20140407  |k ARQ